Czterokolorowe flagi - nagła śmierć - Statystyki

Ogólne statystyki
  • Ten quiz został rozwiązany 446 razy
    359 od ostatniego zresetowania
  • Średni wynik to 5 z 23
Answers on the Grid
Answers color-coded by a green-red scale on the quiz's grid according to % correct below.
Austria
Azerbejdżan
Bahrajn
Barbados
Brazylia
Chile
Czechy
Demokratyczna Republika Konga
Dżibuti
Erytrea
Estonia
Etiopia
Francja
Gabon
Gambia
Ghana
Gruzja
Gwinea
Gwinea Bissau
Holandia
Honduras
Indonezja
Korea Południowa
Kuwejt
Laos
Lesotho
Liban
Libia
Łotwa
Malezja
Mauritius
Mikronezja
Mjanma
Niger
Pakistan
Papua Nowa-Gwinea
Polska
Saint Lucia
Seszele
Somalia
Sudan
Surinam
Tanzania
Timor Wschodni
Ukraina
Wenezuela
Węgry
Zjednoczone Emiraty Arabskie
 
Statystyki odpowiedzi
Odpowiedź % Poprawnych
Azerbejdżan
69%
Brazylia
47%
Korea Południowa
31%
Zjednoczone Emiraty Arabskie
26%
Wenezuela
25%
Dżibuti
20%
Mauritius
19%
Etiopia
18%
Papua Nowa-Gwinea
18%
Erytrea
17%
Ghana
17%
Saint Lucia
16%
Mjanma
15%
Lesotho
14%
Malezja
14%
Timor Wschodni
14%
Gambia
13%
Sudan
13%
Gwinea Bissau
12%
Tanzania
11%
Kuwejt
10%
Libia
10%
Surinam
10%
Nie znaleziono quizów pasujących do podanych kryteriów
Rozkład punktacji
Procent ludzi z każdym wynikiem
Percentyl według liczby udzielonych odpowiedzi
Twoja historia wyników
Nie rozwiązałeś tego quizu od ostatniego zresetowania